Statistics for Kane West Quiz

Click here to take the quiz!

General Stats

  • This quiz has been taken 4 times
  • The average score is 3 of 6

Answer Stats

HintAnswer% Correct
What's the title of Ye's First solo album?The College Dropout
100%
What's the name of the collab album between Jay-Z And Kanye West from 2011?Watch The Throne
75%
What was the name of the album that was supposed to sequel "Graduation" in the College series but never came out?Good Ass Job
25%
Where did Ye record the album "My Beautiful Dark Twisted Fantasy" in 2010?Hawaii
25%
What brand of car did Ye crash in 2002?Lexus
25%
What album did Ye help produce before his rapper career?The Blueprint
25%

Score Distribution

Percentile by Number Answered

Percent of People with Each Score

Your Score History

You have not taken this quiz